000 00791nam a22002177a 4500
999 _c11681
_d11681
003 AR-CdUCM
008 190404b ||||| |||| 00| 0 spa d
040 _aMUNICIPALIDAD PROVINCIAL DEL CUSCO
_cBIBLIOTECA MUNICIPAL DEL CUSCO
082 _a193 /
_bK48 / 1928
100 _aHermann Keyserling, Conde
_929161
245 _aDiario de viaje de un filosofo /
260 _aMadrid :
_bCalpe,
_c1928
300 _a2 tomos ;
_c22 cm.
505 _aContenido : t.1 : Hacia los trópicos -- Antes de partir -- En el mar mediterráneo -- En el canal de suez -- t,2 : China -- Japón -- Hacia el nuevo mundo América ...
650 _aDiario
_99183
650 _aFilosofo
_915916
650 _aHistoria
_9136
700 _aMorente,Manuel
_929162
942 _2ddc
_cLIBROS
945 _arah
_d04/04/2019